000 00512 a2200169 4500
003 Nust
005 20170207153442.0
040 _cNust
082 _a954.9123
100 _aGeorge Hurst
245 _aThe PVH
260 _aLondon
_bDados
_c1934
300 _a121
505 _aThe History of the Hunt (Page-1) The Hounds (Page-45) The Country (Page-59) The Quarry (Page-77) The Sport (Page-89) The Point to Point Races (Page-99) The Appendices (Page-107)
538 _aAlmirah No.63 Shelf No.3
650 _aThe PVH
942 _2ddc
_cBK
999 _c186542
_d186542